BSOP header

Fairbairn's imperial standard Bible encyclopedia : (Record no. 2872)

MARC details
000 -LEADER
fixed length control field 00645nam a2200145 4500
008 - FIXED-LENGTH DATA ELEMENTS--GENERAL INFORMATION
fixed length control field 010815s1957 enk engYA
090 ## - LOCALLY ASSIGNED LC-TYPE CALL NUMBER (OCLC); LOCAL CALL NUMBER (OCLC)
Classification number (OCLC) (R) ; Classification number, CALL (RLIN) (NR) Bs440
Local cutter number (OCLC) ; Book number/undivided call number, CALL (RLIN) F15f
100 1# - MAIN ENTRY--PERSONAL NAME
Personal name Fairbairn, Patrick
245 10 - TITLE STATEMENT
Title Fairbairn's imperial standard Bible encyclopedia :
Remainder of title historical, biographical, geographical and doctrinal /
Statement of responsibility, etc Patrick Fairbairn, editor.
260 ## - PUBLICATION, DISTRIBUTION, ETC. (IMPRINT)
Place of publication, distribution, etc Michigan :
Name of publisher, distributor, etc Zondervan,
Date of publication, distribution, etc c1957.
300 ## - PHYSICAL DESCRIPTION
Extent 6 volumes :
Other physical details ill.
505 0# - FORMATTED CONTENTS NOTE
Formatted contents note Contens: vol. 1-Aarto Che; vol. 2-Che to Gen; vol. 3-Gen to Jut; vol. 4-Kab to Nic; vol. 5-Nic to Reh; vol. 6-Rei to Zuz.
650 #4 - SUBJECT ADDED ENTRY--TOPICAL TERM
Topical term or geographic name as entry element Bible
General subdivision Dictionaries
951 ## - EQUIVALENCE OR CROSS-REFERENCE-GEOGRAPHIC NAME/AREA NAME [OBSOLETE] [CAN/MARC only]
-- 8613
-- Bs440/F15f-VI
-- 070613110945015
-- 2000-12-21
-- REF
Holdings
Withdrawn status Lost status Damaged status Not for loan Home library Current library Shelving location Date acquired Accession number Shelving control number Total Checkouts Full call number Date last seen Price effective from Koha item type
        BSOP Library BSOP Library Reference 12/21/2000 8613 127   Bs440/F15f-VI 02/23/2013 02/23/2013 Books
BSOP

Biblical Seminary of the Philippines
  All rights Reserved
  © 2024

CONTACT INFORMATION

Biblical Seminary of the Philippines,
  77-B Karuhatan Road, Valenzuela City,
  PHILIPPINES 1441
  Phone: +632 8292-6795 / 8292-6798
  Fax : +632 8292-6675
  Email: library@bsop.edu.ph